[Event "Espirito Santo-ch"]
[Site "Vitoria"]
[Date "2010.10.09"]
[Round "1.3"]
[White "Cortez, Milton Cobo"]
[Black "Stein, Adriano Baldo"]
[Result "1-0"]
[WhiteElo "2106"]
[BlackElo "1866"]
[PlyCount "99"]
[EventDate "2010.10.08"]
[EventType "swiss"]
[EventRounds "7"]
[EventCountry "BRA"]
[SourceTitle "EXT 2022"]
[Source "ChessBase"]
[SourceDate "2021.10.06"]
[SourceVersion "1"]
[SourceVersionDate "2021.10.06"]
[SourceQuality "1"]

1. e4 e5 2. Nf3 Nc6 3. Bb5 Nf6 4. 0-0 Nxe4 5. d4 Nd6 6. Bxc6 dxc6 7. dxe5 Nf5 8. Qxd8+ Kxd8 9. Nc3 Be6 10. b3 h6 11. Bb2 g5 12. Ne4 g4 13. Nd4 Nxd4 14. Bxd4 b6 15. c4 c5 16. Bb2 Be7 17. Rad1+ Kc8 18. Bc1 a5 19. a4 b5 20. Be3 bxa4 21. bxa4 Bxc4 22. Rfe1 Bb3 23. Rc1 c4 24. Bc5 Bxc5 25. Nxc5 Re8 26. f4 gxf3 27. gxf3 Rg8+ 28. Kf2 Rg6 29. f4 Rc6 30. Nxb3 cxb3 31. Rxc6 b2 32. Rb1 Rb8 33. Rc2 Rb4 34. Kg3 Kd7 35. Rbxb2 Rxa4 36. Ra2 Rb4 37. Rxa5 h5 38. Rac5 Rb7 39. Rc6 Ra7 40. Kh4 Ra4 41. Rxc7+ Ke8 42. Rb7 Kf8 43. Kg5 Ra1 44. Rcc7 Rg1+ 45. Kf5 Kg8 46. Rxf7 h4 47. Rfc7 Kh8 48. Rc8+ Rg8 49. Rxg8+ Kxg8 50. Kf6 1-0

[Event "Vitoria Espirito Santo 3rd"]
[Site "Vitoria"]
[Date "2010.06.12"]
[Round "1.2"]
[White "Cortez, Milton Cobo"]
[Black "Brito, Gabriela Aguiar"]
[Result "1-0"]
[WhiteElo "2111"]
[BlackElo "1827"]
[PlyCount "75"]
[EventDate "2010.06.12"]
[EventType "swiss"]
[EventRounds "5"]
[EventCountry "BRA"]
[SourceTitle "EXT 2022"]
[Source "ChessBase"]
[SourceDate "2021.10.06"]
[SourceVersion "1"]
[SourceVersionDate "2021.10.06"]
[SourceQuality "1"]

1. d4 d5 2. c4 Nf6 3. cxd5 Nxd5 4. e4 Nf6 5. Nc3 Nc6 6. Bb5 a6 7. Bxc6+ bxc6 8. Nge2 Bg4 9. f3 Bh5 10. Be3 e6 11. Qc2 Bb4 12. 0-0 Qe7 13. Na4 Qd7 14. Rac1 0-0 15. Qxc6 Qxc6 16. Rxc6 Ba5 17. a3 Nd7 18. b4 Bb6 19. Nxb6 cxb6 20. Rfc1 b5 21. Rd6 Nf6 22. Rc5 Nxe4 23. fxe4 Bxe2 24. Bg5 a5 25. Be7 Rfe8 26. Rd7 axb4 27. axb4 Rac8 28. Kf2 Bc4 29. d5 exd5 30. exd5 f6 31. d6 Rxc5 32. bxc5 Rc8 33. Rb7 Be6 34. d7 Bxd7 35. Rxd7 Kf7 36. Rb7 Ke6 37. Bd6 g5 38. Rxb5 1-0

[Event "Vitoria Espirito Santo 2nd"]
[Site "Vitoria"]
[Date "2010.05.09"]
[Round "5.6"]
[White "Estolano, Edilson"]
[Black "Cortez, Milton Cobo"]
[Result "0-1"]
[WhiteElo "1828"]
[BlackElo "2111"]
[PlyCount "66"]
[EventDate "2010.05.08"]
[EventType "swiss"]
[EventRounds "5"]
[EventCountry "BRA"]
[SourceTitle "EXT 2022"]
[Source "ChessBase"]
[SourceDate "2021.10.06"]
[SourceVersion "1"]
[SourceVersionDate "2021.10.06"]
[SourceQuality "1"]

1. d4 Nf6 2. c4 e6 3. Nf3 Bb4+ 4. Bd2 Qe7 5. Nc3 0-0 6. Qc2 d6 7. e3 e5 8. 0-0-0 c6 9. dxe5 dxe5 10. e4 Nbd7 11. Bg5 Re8 12. Nd2 Nc5 13. f3 Ne6 14. Bxf6 Qxf6 15. Nb3 b6 16. Ne2 a5 17. Kb1 a4 18. Nbc1 Bc5 19. Nd3 Nd4 20. Qc3 Nxe2 21. Bxe2 Bd4 22. Qc2 Be6 23. Nb4 Rec8 24. Qd2 b5 25. cxb5 cxb5 26. Bxb5 a3 27. Nd5 Bxd5 28. exd5 axb2 29. a4 Qd6 30. Bc6 Qa3 31. Qd3 Qa1+ 32. Kc2 Qa2 33. Rb1 Qxd5 0-1

[Event "BRA Southeast Region-ch"]
[Site "Vitoria"]
[Date "2007.06.10"]
[Round "7"]
[White "Cortez, Milton Cobo"]
[Black "Martinez, Carlos Alejandro"]
[Result "0-1"]
[WhiteElo "2058"]
[BlackElo "2424"]
[PlyCount "62"]
[EventDate "2007.06.07"]
[EventType "swiss"]
[EventRounds "7"]
[EventCountry "BRA"]
[SourceTitle "EXT 2022"]
[Source "ChessBase"]
[SourceDate "2021.10.06"]
[SourceVersion "1"]
[SourceVersionDate "2021.10.06"]
[SourceQuality "1"]

1. e4 c6 2. d4 d5 3. exd5 cxd5 4. Bd3 Nc6 5. c3 Nf6 6. Bf4 a6 7. h3 g6 8. Nf3 Bg7 9. Nbd2 0-0 10. 0-0 Bf5 11. Bxf5 gxf5 12. Ne5 Rc8 13. Re1 Ne4 14. Nd3 e6 15. Nf1 b5 16. f3 Nd6 17. Re2 a5 18. Qe1 Kh8 19. a4 b4 20. Ng3 bxc3 21. bxc3 Nc4 22. Kh1 Qh4 23. Rb1 Bh6 24. Bxh6 Qxh6 25. Rb7 Rb8 26. Rc7 Rb6 27. Kh2 Qg5 28. Nc5 Qf4 29. Rd7 Qb8 30. Qc1 Rg8 31. Rxf7 Qxg3+ 0-1

[Event "BRA Southeast Region-ch"]
[Site "Vitoria"]
[Date "2007.06.09"]
[Round "5"]
[White "Brito, Luismar Jorge"]
[Black "Cortez, Milton Cobo"]
[Result "1-0"]
[WhiteElo "2275"]
[BlackElo "2058"]
[PlyCount "97"]
[EventDate "2007.06.07"]
[EventType "swiss"]
[EventRounds "7"]
[EventCountry "BRA"]
[SourceTitle "EXT 2022"]
[Source "ChessBase"]
[SourceDate "2021.10.06"]
[SourceVersion "1"]
[SourceVersionDate "2021.10.06"]
[SourceQuality "1"]

1. e4 c5 2. Nf3 d6 3. d4 cxd4 4. Qxd4 Nc6 5. Bb5 Bd7 6. Bxc6 Bxc6 7. c4 Nf6 8. Nc3 g6 9. 0-0 Bg7 10. Re1 0-0 11. Qd2 Rc8 12. Rb1 a6 13. a4 a5 14. b3 Nd7 15. Bb2 Nc5 16. Qc2 Qb6 17. Nd5 Bxd5 18. Bxg7 Bxe4 19. Rxe4 Kxg7 20. Rxe7 d5 21. cxd5 Qd6 22. Qc3+ Qf6 23. Qe3 Rfd8 24. Ng5 Rf8 25. Re1 h6 26. Ne6+ Nxe6 27. Qxe6 Qxe6 28. dxe6 b6 29. Kf1 Kf6 30. Rb7 Rc6 31. Re3 Rxe6 32. Rxe6+ fxe6 33. Rxb6 Rc8 34. Rb5 Rc1+ 35. Ke2 Rc2+ 36. Ke3 Rb2 37. h4 h5 38. g3 e5 39. f3 Kf5 40. f4 Kg4 41. fxe5 Kxg3 42. e6 Rb1 43. Kd2 Rb2+ 44. Kd3 Rb1 45. Kd4 Kxh4 46. e7 Re1 47. Re5 Rd1+ 48. Ke4 Re1+ 49. Kd5 1-0

[Event "BRA Southeast Region-ch"]
[Site "Vitoria"]
[Date "2007.06.07"]
[Round "2"]
[White "Bortoloso, Moacir Canella"]
[Black "Cortez, Milton Cobo"]
[Result "1/2-1/2"]
[WhiteElo "2228"]
[BlackElo "2058"]
[PlyCount "82"]
[EventDate "2007.06.07"]
[EventType "swiss"]
[EventRounds "7"]
[EventCountry "BRA"]
[SourceTitle "EXT 2022"]
[Source "ChessBase"]
[SourceDate "2021.10.06"]
[SourceVersion "1"]
[SourceVersionDate "2021.10.06"]
[SourceQuality "1"]

1. e4 c5 2. Nf3 g6 3. d4 cxd4 4. Nxd4 Nc6 5. Be3 Nf6 6. Nc3 Bg7 7. Bc4 0-0 8. Bb3 a5 9. 0-0 a4 10. Nxa4 Nxe4 11. Qd3 Nf6 12. Nb5 Ra6 13. Nc5 Ra5 14. Bd2 Ra8 15. Nc3 d6 16. N5e4 Bf5 17. Nxf6+ Bxf6 18. Qc4 Na5 19. Qb4 Nxb3 20. Qxb3 Bg7 21. Rfe1 Re8 22. a4 Qc8 23. Rac1 Be6 24. Qb4 Qc6 25. Nb5 Bd5 26. f3 Bc4 27. Nc3 d5 28. b3 Bd4+ 29. Be3 Bxe3+ 30. Rxe3 d4 31. Re4 e5 32. bxc4 dxc3 33. a5 f5 34. Re3 Rad8 35. Qxc3 Qc5 36. Kf1 Rd4 37. Qb3 Qxc4+ 38. Qxc4+ Rxc4 39. Rb3 Re7 40. Ke2 Rd7 41. Rd3 Rdc7 1/2-1/2